Gaming Quiz

Random Gaming or Mario Quiz

Common Mario DS Games Quiz Stats

 Plays Quiz not verified by Sporcle

Challenge
Share
Tweet
Embed
Score 0/13 Timer 03:00
0 Plays Today
% Correct
Mario Kart
92.6%
New Super Mario Bros.
82.4%
Mario Party DS
67.6%
Super Mario 64 DS
61.8%
Mario & Luigi: Bowser's Inside Story
57.4%
Mario and Luigi: Partners in Time
47.1%
Mario Hoops 3-on-3
35.3%
Mario & Sonic at the Olympic Games
35.3%
Super Princess Peach
33.8%
Yoshi's Island DS
30.9%
Mario & Sonic at the Olympic Winter Games
25%
Yoshi Touch and Go
22.1%
Mario vs. Donkey Kong 2: March of the Minis
11.8%

You're not logged in!

Compare scores with friends on all Sporcle quizzes.
OR
Log In

You Might Also Like...

Show Comments

Extras

Created Jun 13, 2010ReportNominate
Tags:Mario Quiz, common

Top Quizzes Today


Score Distribution

Your Account Isn't Verified!

In order to create a playlist on Sporcle, you need to verify the email address you used during registration. Go to your Sporcle Settings to finish the process.

Report this User

Report this user for behavior that violates our Community Guidelines.

Details: